Sports Quiz

Random Sports or Nation Quiz

De 20 mest scorende-Quizzen Stats

 Plays Quiz not verified by Sporcle

Score 0/20 Timer 03:00
0 Plays Today
Mål Svar % Correct
175Thierry Henry
84.2%
208Wayne Rooney
77.3%
260Alan Shearer
73%
162Sergio Aguero
70.3%
177Frank Lampard
55.3%
163Robbie Fowler
52.2%
125Harry Kane
49.7%
113Romelu Lukaku
48.1%
150Michael Owen
46.5%
120 Steven Gerrard
46.2%
Mål Svar % Correct
187Andrew Cole
46.1%
126Robbie Keane
40.3%
144Robin van Persie
38.8%
123Dwight Yorke
36.9%
146Teddy Sheringham
22.4%
162Jermain Defoe
17.7%
125Nicolas Anelka
15%
113Ian Wright
13.2%
127Jimmy Floyd Hasselbaink
9.6%
149Les Ferdinand
9%

You're not logged in!

Compare scores with friends on all Sporcle quizzes.
OR
Log In

Show Comments

Extras

Created Apr 13, 2019ReportNominate
Tags:Nation Quiz, kan, svar

Top Quizzes Today


Score Distribution

Your Account Isn't Verified!

In order to create a playlist on Sporcle, you need to verify the email address you used during registration. Go to your Sporcle Settings to finish the process.

Report this User

Report this user for behavior that violates our Community Guidelines.

Details: